000 01057nam a2200289 a 4500
001 000019455
005 20200929170025.0
008 100629s2008 es c 000 0 spa d
020 _a9788497647465
040 _aDO-SdBNP
_bspa
_cBNPHU
082 _a923.2
_bJ91C
100 1 _aCantalapiedra, Luis
_941779
245 1 0 _aJuana la loca :
_bReina de España /
_cLuis Cantalapiedra ; coordinador general Felipe Sen ; coordinador de colección Mar de Ventura Fernández.
260 _aMadrid, España :
_bEdimat,
_c2008.
300 _a190 p. :
_bretrs. ;
_c22 cm.
490 1 _aMujeres en la historia
504 _aIncluye bibliografías (p. 190)
600 1 4 _aJUANA,
_cLA LOCA, REINA DE CASTILLA,
_d1479-1555
_xBIOGRAFÍAS
_941780
650 4 _aMujeres
_xBiografías
_92896
650 4 _aTrastornos mentales
_918252
650 4 _aReinas
_zEspaña
_941781
650 4 _aMonarquia
_zEspaña
_941782
700 1 _aSen, Felipe,
_ecoord.
_941707
700 1 _aVentura Fernández, Mar de,
_ecoord.
_941759
830 0 _aMujeres en la historia
_941760
049 _aBNPD
999 _c18971
_d18971